00467pab a2200157 454500008004000000100001600040245010000056260000900156300001600165362001100181650002200192650002900214650002100243700002500264773002000289180718b2006 xxu||||| |||| 00| 0 eng d aAhmad, Nabi aEmpowerment of socio-economically weaker sections through education: commitments and challenges c2006 ap.16-20,26. a11 Sep aEducation - India aBackward classes - India aBackward classes aSiddiqui, Mohd. Abid aUniversity News